000 00440cam a2200181ua 4500
020 _c245.00
041 _aeng
_h
082 _a624.15136
_bBOL/GU
100 _aBolton, Malcolm.D .
245 _aGuide to soil mechanics /
_cD.Malcolm Bolton.
_hTextual Documents
250 _a1 /
_b.
260 _a :
_bUniversity press ,
_c2003.
300 _a439 ; .
365 _a245.00
504 _a
942 _cBK
999 _c1704
_d1704